The foundation of mathematics /

Guardado en:
Autor Principal: Heerden, Pieter Jacobus van.
Formato: Libro
Idioma:English
Publicado: Wassenaar : Uitg. Wistik, c1968.
Materias:
Etiquetas: Agregar Etiqueta
Sin Etiquetas, Sea el primero en etiquetar este registro!
LEADER 00614nam a22001935a 4500
001 MAT.inmabb004443
008 700316s1968####ne#######b####000#0#eng##
005 20160523153300.0
245 1 4 |a The foundation of mathematics /  |c by Pieter J. van Heerden. 
260 |a Wassenaar :  |b Uitg. Wistik,  |c c1968. 
300 |a x, 50 [1-4A] p. ;  |c 24 cm. 
504 |a Incluye referencias bibliográficas. 
510 4 |a MR,  |c 41 #1499 
100 1 |a Heerden, Pieter Jacobus van. 
650 0 |a Mathematics  |x Philosophy. 
084 |a 03Bxx  |2 msc2000 
010 |a  78354348  
040 |a DLC  |c DLC  |d DLC 
859 |h 03  |i H459  |p A-2931  |b BIB. MATEMATICA